000 00610nam a22002177a 4500
003 OSt
005 20160425141815.0
008 160425b xxu||||| |||| 00| 0 eng d
015 _2http://koha.must.ac.ug:8080/cgi-bin/koha/cataloguing/addbiblio.pl?frameworkcode=BKS#
020 _a0582607728
040 _cDDC.
082 _a370FAR 2002.
100 _aFarrant,J.S;
_98237
245 _aPrinciples and Practice of Education:
250 _aNew Ed.
260 _aUk,
_bLongman.
_c2002.
300 _axii,386p;
_bill;
_c28cm.
504 _aincludes index.
650 _aEducation.
_91404
942 _2ddc
_cSLOAN
999 _c3729
_d3729